Liefde vlam soos vuur / (Record no. 795038)

MARC details
000 -LEADER
fixed length control field 00613nam a22001937b 4500
003 - CONTROL NUMBER IDENTIFIER
control field 3228
005 - DATE AND TIME OF LATEST TRANSACTION
control field 20260324144513.0
008 - FIXED-LENGTH DATA ELEMENTS--GENERAL INFORMATION
fixed length control field 260324b sa ||||e |||| 00| 1 AFR d
020 ## - INTERNATIONAL STANDARD BOOK NUMBER
International Standard Book Number 9780799333602 (hardback)
040 ## - CATALOGING SOURCE
Original cataloging agency MPL
Language of cataloging eng
Transcribing agency 3228
Description conventions Resource Description and Access
041 ## - LANGUAGE CODE
Language code of text/sound track or separate title Afrikaans
082 #0 - DEWEY DECIMAL CLASSIFICATION NUMBER
Classification number AF VANB
100 ## - MAIN ENTRY--PERSONAL NAME
9 (RLIN) 106765
Personal name Van Bergen, Maryna
Relator term author
245 ## - TITLE STATEMENT
Title Liefde vlam soos vuur /
Statement of responsibility, etc. Author: Maryna van Bergen ; + Design manager: Susan Bloemhof ; + Designer: Marinda Knox
250 ## - EDITION STATEMENT
Edition statement Second print
260 ## - PUBLICATION, DISTRIBUTION, ETC.
Place of publication, distribution, etc. Pretoria
Name of publisher, distributor, etc. LAPA Uitgewers
Date of publication, distribution, etc. © 2005
-- © 1994
300 ## - PHYSICAL DESCRIPTION
Extent 159 pages :
Dimensions 21 cm
942 ## - ADDED ENTRY ELEMENTS
Source of classification or shelving scheme Dewey Decimal Classification
item type Books
-- 245
-- Izakina Blanche
-- 245
-- Izakina Blanche
Holdings
Withdrawn status Lost status Source of classification or shelving scheme Damaged status Not for loan Collection code Home library Current library Shelving location Date acquired Total Checkouts Full call number Barcode Date last seen Price effective from item type Public note
    Dewey Decimal Classification     Fiction Middelburg Regional Library Jeremiah Madonsela Public Library Fiction 24.03.2026   AF VANB 33228017829928 24.03.2026 24.03.2026 Books 0940077446